5 najlepszych tenisistek z podanych państw - Statystyki

Ogólne statystyki
  • Ten quiz został rozwiązany 152 razy
  • Średni wynik to 7 z 25
Statystyki odpowiedzi
Państwo Odpowiedź % Poprawnych
2. Serena Williams
87%
1. Angelique Kerber
56%
1. Petra Kvitova
56%
2. Karolina Pliskova
50%
3. Madison Keys
40%
3. Saisai Zheng
37%
2. Shuai Zhang
37%
1. Qiang Wang
33%
4. Yafan Wang
33%
2. Marija Szarapowa
32%
1. Sloane Stephens
31%
5. Sofia Kenin
30%
1. Daria Kasatkina
27%
4. Danielle Rose Collins
20%
2. Julia Goerges
18%
4. Marketa Vondrousova
18%
5. Katerina Siniakova
17%
3. Tatjana Maria
17%
4. Andrea Petkovic
14%
3. Barbora Strycova
14%
3. Anastazja Pawluczenkowa
12%
5. Lin Zhu
11%
4. Jekatierina Aleksandrowa
8%
5. Margarita Gasparyan
1%
5. Mona Barthel
1%
Nie znaleziono quizów pasujących do podanych kryteriów
Rozkład punktacji
Procent ludzi z każdym wynikiem
Percentyl według liczby udzielonych odpowiedzi
Twoja historia wyników
Nie rozwiązałeś tego quizu